Responses for Show #8129 - Thursday, January 2, 2020

Karen Farrell game 6.

Contestants

[<< previous game]

Brit Husmann, a law student from Oakland, California

Kevin Hendricks, a hospital IT analyst from Columbus, Ohio

Karen Farrell, a political consultant from Woodbridge, Virginia (whose 5-day cash winnings total $94,802)

[next game >>]

Jeopardy! Round responses

WHERE'S THE FLOWER?
TOOLS OF THE KITCHEN
WHITE HOUSE HUNTERS
CHANGE ONE LETTER
(Alex: Each response will be two words, different by one letter only.)
NEW YORK CITY MUSEUMS
ELTON JUAN?
(Alex: We want you to translate the Spanish into the Elton John title.)
    $200 28
[The end-of-round signal sounds.]

a mitt

Karen
    $200 16
peanut

Karen
    $200 26
the World Trade Center

Karen
    $200 19
"Crocodile Rock"

Brit
    $400 13
the water lily

Brit
    $400 27
a tenderizer

Karen
    $400 14
the Whig Party

Karen
    $400 22
cramp & clamp

Karen
    $400 18
Ellis Island

Kevin
    $400 6
"Goodbye Yellow Brick Road"

Karen
    $600 8
mistletoe

Brit
    $600 1
a colander

Kevin
    $600 9
Taft

Karen
    $600 20
crease & grease

Karen
    $600 17
Coney Island

Brit
    $600 2
"A Candle In The Wind"

Kevin
    $800 12
Hawaii

Brit
    $800 4
Teflon

Kevin
    $800 10
the Screen Actors Guild

Brit
    $800 21
Venus to venue

Brit
    $800 25
the Guggenheim

Brit
    $800 3
"Saturday Night's Alright for Fighting"

Karen
    $1000 15
the butterfly

Brit
    $1000 7
a zester

Karen
    $1000 11
Blair House

Karen
    $2,000 23
(Alex: We have less than a minute now.)

strive & stride

Karen
    $1000 24
(Kevin: What is Fenimore?)

Hewitt

Kevin
Triple Stumper
    $1000 5
"Don't Go Breaking My Heart"

Kevin

Scores at the first commercial break (after clue 15):

Karen Kevin Brit
$4,200 $3,000 $3,600

Scores at the end of the Jeopardy! Round:

Karen Kevin Brit
$8,200 $2,400 $6,000

Double Jeopardy! Round responses

ON THE BOOKSHELF
CREATURES OF THE DEEP?
(Alex: Hey, you can watch them this Sunday...)
GOLDEN GLOBE AWARDS
THAT'S HERESY!
PLACES
"K"-9, -10 & -11
(Alex: Each correct response will begin with the letter "K" and will have 9, 10, or 11 letters in it.)
    $400 14
The Hunger Games

Kevin
    $400 15
the mullet

Kevin
    $400 19
Atlanta

Karen
    $400 17
sin

Brit
    $400 24
a knuckleball

Kevin
    $800 13
(Alex: And my apologies to Liane Moriarty. I masculinized her name a little while ago.)

Eleanor Oliphant

Triple Stumper
    $800 16
a whale

Triple Stumper
    $800 25
(Alex: Yes, with less than a minute to go.)

The Marvelous Mrs. Maisel

Karen
    $800 18
the Holy Spirit

Brit
    $800 22
a kickstand

Kevin
    $1200 10
(Thomas) Cromwell

Karen
    $2,400 1
(Zebulon) Pike

Kevin
    $1200 28
[The end-of-round signal sounds.]

(Elisabeth) Moss

Karen
    $1200 6
the Crucifixion

Karen
    $1200 3
Johannesburg

Kevin
    $1200 20
knockdown

Karen
    $1600 11
(Brit: Who is [*]?)
(Alex: Yes, Liam [*].)

(Liane) Moriarty

Brit
    $1600 2
the FCC

Brit
    $1600 27
(Brit: What is Kingpins?)

Goliath

Brit
Triple Stumper
    $1600 7
Jerusalem

Triple Stumper
    $6,000 4
(Kevin: What is India?)
(Alex: Oh, no. The two cities are Mecca & Medina.)

Saudi Arabia

Kevin
    $1600 21
a kingfisher

Brit
    $2000 12
Hillbilly Elegy

Brit
    $2000 9
Man Ray

Triple Stumper
    $2000 26
(Marcia) Clark

Karen
    $2000 8
Nicaea

Karen
    $2000 5
(Kevin: What is Liverpool?)
(Brit: What is Manchester?)

Birmingham

KevinBrit
Triple Stumper
    $2000 23
Kafkaesque

Kevin

Scores at the end of the Double Jeopardy! Round:

Karen Kevin Brit
$18,200 $2,000 $10,400

[wagering suggestions for these scores]

Final Jeopardy! Round responses

SCIENTISTS
KevinWho is Lemarck
$1,987
BritWHo is Spencer
$10,250
KarenWho is Linnaus?
$2,601
(Carolus) Linnaeus

Final scores:

Karen Kevin Brit
$20,801 $13 $150
6-day champion: $115,603 3rd place: $1,000 2nd place: $2,000

Game dynamics:

Coryat scores:

Karen Kevin Brit
$17,200 $6,800 $10,400
21 R
(including 1 DD),
0 W
12 R
(including 1 DD),
3 W
(including 1 DD)
15 R,
2 W

Combined Coryat: $34,400

[game clues] [game scores] [suggest correction]

Game tape date: 2019-10-22
The J! Archive is created by fans, for fans. Scraping, republication, monetization, and malicious use prohibited; this site may use cookies and collect identifying information. See terms. The Jeopardy! game show and all elements thereof, including but not limited to copyright and trademark thereto, are the property of Jeopardy Productions, Inc. and are protected under law. This website is not affiliated with, sponsored by, or operated by Jeopardy Productions, Inc. Join the discussion at JBoard.tv.